00501nam a22001697a 450000500170000001000150001702000260003203500130005803700130007108200080008424500680009225000110016026000410017127000640021230000390027670000160031520140715122443.0 aENG-110025 a9789383379668c680.00 aEN-93558 bDBAD/PUB a000 aCrack CSAT IAS prelims paper 1/cedited by Veer Kumar...[et al] a2nd ed aNew DelhibDisha Publicationc(201?) aB-32, Shivalik Main Road, Maliviya NagarbNew Delhie110017 avarious pagings :b26cm(pbk)cill. aVeer Kumar